| 000 | 00867nas a2200289 4500 | ||
|---|---|---|---|
| 001 | BR0701112 | ||
| 003 | BR-BrBNA | ||
| 005 | 20231205110623.0 | ||
| 007 | ta | ||
| 008 | 230509b bl.|||p| |||| 00| 00por d | ||
| 040 |
_aBR-BrBNA _bpor _cBiblioteca Nacional de Agricultura |
||
| 041 | _a(Pt) | ||
| 072 | _aQ04; Q03 | ||
| 100 | 1 | _aDegáspari, C.H. | |
| 100 | 1 | _aWaszczynskyj, N. | |
| 100 | 1 | _aPrado, M.R.M. | |
| 245 | 1 | _aAtividade antimicrobiana de Schinus terebenthifolius Raddi | |
| 650 | _aAROEIRA DO CAMPO | ||
| 650 | _aSCHINUS TEREBENTHIFOLIUS | ||
| 650 | _aFRUTO | ||
| 650 | _aCOMPOSTO FENÓLICO | ||
| 650 | _aANÁLISE QUÍMICA | ||
| 650 | _aMICROBIOLOGIA DE ALIMENTO | ||
| 773 | 0 |
_tCiência e Agrotecnologia (Brazil) _xISSN 1413-7054 _g(2005), v. 29(3) p. 617-622 _wBR0701112 |
|
| 909 |
_a202311 _bLúcia _c55 _dLúcia Elande |
||
| 942 |
_2AGRIS _n0 _cANA |
||
| 999 |
_c188215 _d188215 |
||